<?xml version="1.0" encoding="UTF-8"?>
<record
    xmlns:xsi="http://www.w3.org/2001/XMLSchema-instance"
    xsi:schemaLocation="http://www.loc.gov/MARC21/slim http://www.loc.gov/standards/marcxml/schema/MARC21slim.xsd"
    xmlns="http://www.loc.gov/MARC21/slim">

  <leader>01584nam a2200385 a 4500</leader>
  <controlfield tag="005">20240424100627.0</controlfield>
  <controlfield tag="008">100708s2010||||sp a   f |||| 001 0 spa d</controlfield>
  <datafield tag="020" ind1=" " ind2=" ">
    <subfield code="a">9788480866385</subfield>
  </datafield>
  <datafield tag="041" ind1=" " ind2=" ">
    <subfield code="a">spa</subfield>
  </datafield>
  <datafield tag="092" ind1=" " ind2=" ">
    <subfield code="c">617.15</subfield>
    <subfield code="l">51</subfield>
    <subfield code="s">MCR</subfield>
  </datafield>
  <datafield tag="100" ind1="1" ind2=" ">
    <subfield code="a">McRae, Ronald.</subfield>
    <subfield code="9">1036</subfield>
  </datafield>
  <datafield tag="245" ind1=" " ind2=" ">
    <subfield code="a">Tratamiendo pr&#xE1;ctico de fracturas /  </subfield>
    <subfield code="c">Ronald McRae</subfield>
  </datafield>
  <datafield tag="250" ind1=" " ind2=" ">
    <subfield code="a">5a ed. en espa&#xF1;ol de la obra original en ingl&#xE9;s</subfield>
    <subfield code="b">Revisi&#xF3;n cient&#xED;fica Jos&#xE9; Baena D&#xED;az</subfield>
  </datafield>
  <datafield tag="260" ind1=" " ind2=" ">
    <subfield code="a">Barcelona: </subfield>
    <subfield code="b">Elsevier ; Churchill Livingstone;</subfield>
    <subfield code="c">2010.</subfield>
  </datafield>
  <datafield tag="300" ind1=" " ind2=" ">
    <subfield code="a">450 p.</subfield>
    <subfield code="b">il.</subfield>
  </datafield>
  <datafield tag="500" ind1=" " ind2=" ">
    <subfield code="a">McRae, R. y Esser, M. (2010). Tratamiento pr&#xE1;ctico de fracturas. (5a ed.). Barcelona : Elsevier.</subfield>
  </datafield>
  <datafield tag="653" ind1=" " ind2=" ">
    <subfield code="a">Anatom&#xED;a patol&#xF3;gica y consolidaci&#xF3;n de las fracturas</subfield>
  </datafield>
  <datafield tag="653" ind1=" " ind2=" ">
    <subfield code="a">Diagn&#xF3;stico de las fracturas y principios terap&#xE9;uticos</subfield>
  </datafield>
  <datafield tag="653" ind1=" " ind2=" ">
    <subfield code="a">T&#xE9;cnicas de reducci&#xF3;n cerrada y escolayado en el tratamiento de las fracturas</subfield>
  </datafield>
  <datafield tag="653" ind1=" " ind2=" ">
    <subfield code="a">Fracturas abiertas: fijaci&#xF3;n interna</subfield>
  </datafield>
  <datafield tag="653" ind1=" " ind2=" ">
    <subfield code="a">Factores que influyen en la consolidaci&#xF3;n; complicaciones; fracturas espont&#xE1;neas</subfield>
  </datafield>
  <datafield tag="653" ind1=" " ind2=" ">
    <subfield code="a">Cintura escapular y h&#xFA;mero</subfield>
  </datafield>
  <datafield tag="653" ind1=" " ind2=" ">
    <subfield code="a">Lesiones en la regi&#xF3;n del codo</subfield>
  </datafield>
  <datafield tag="653" ind1=" " ind2=" ">
    <subfield code="a">Lesiones de los huesos del antebrazo</subfield>
  </datafield>
  <datafield tag="653" ind1=" " ind2=" ">
    <subfield code="a">Mu&#xF1;eca y mano</subfield>
  </datafield>
  <datafield tag="653" ind1=" " ind2=" ">
    <subfield code="a">Columna vertebral</subfield>
  </datafield>
  <datafield tag="653" ind1=" " ind2=" ">
    <subfield code="a">Pelvis, cadera y cuello femoral</subfield>
  </datafield>
  <datafield tag="653" ind1=" " ind2=" ">
    <subfield code="a">Fracturas femorales y lesiones en la regi&#xF3;n de la rodilla</subfield>
  </datafield>
  <datafield tag="653" ind1=" " ind2=" ">
    <subfield code="a">Fracturas de tibia</subfield>
  </datafield>
  <datafield tag="653" ind1=" " ind2=" ">
    <subfield code="a">Lesiones en la regi&#xF3;n del tobillo</subfield>
  </datafield>
  <datafield tag="653" ind1=" " ind2=" ">
    <subfield code="a">Lesiones del pie</subfield>
  </datafield>
  <datafield tag="653" ind1=" " ind2=" ">
    <subfield code="a">Consulta de fracturas</subfield>
  </datafield>
  <datafield tag="700" ind1="1" ind2=" ">
    <subfield code="a">Esser, Max.</subfield>
    <subfield code="9">1037</subfield>
  </datafield>
  <datafield tag="942" ind1=" " ind2=" ">
    <subfield code="2">ddc</subfield>
    <subfield code="c">BK</subfield>
  </datafield>
  <datafield tag="999" ind1=" " ind2=" ">
    <subfield code="c">1497</subfield>
    <subfield code="d">1497</subfield>
  </datafield>
  <datafield tag="952" ind1=" " ind2=" ">
    <subfield code="0">0</subfield>
    <subfield code="1">0</subfield>
    <subfield code="2">ddc</subfield>
    <subfield code="4">0</subfield>
    <subfield code="7">0</subfield>
    <subfield code="8">REF</subfield>
    <subfield code="a">BFM</subfield>
    <subfield code="b">BFM</subfield>
    <subfield code="c">REF</subfield>
    <subfield code="d">2013-06-14</subfield>
    <subfield code="g">620.00</subfield>
    <subfield code="l">0</subfield>
    <subfield code="o">617.15 51 MCR</subfield>
    <subfield code="p">2973</subfield>
    <subfield code="r">2014-11-06</subfield>
    <subfield code="t">ej.2</subfield>
    <subfield code="w">2013-06-14</subfield>
    <subfield code="y">REF</subfield>
    <subfield code="z">LIBRO DE CONSULTA. COMPRA PROMED 2DO A&#xD1;O. Junio 2013</subfield>
  </datafield>
  <datafield tag="952" ind1=" " ind2=" ">
    <subfield code="0">0</subfield>
    <subfield code="1">0</subfield>
    <subfield code="2">ddc</subfield>
    <subfield code="4">0</subfield>
    <subfield code="7">0</subfield>
    <subfield code="a">BFM</subfield>
    <subfield code="b">BFM</subfield>
    <subfield code="c">CR</subfield>
    <subfield code="d">2013-06-14</subfield>
    <subfield code="g">620.00</subfield>
    <subfield code="l">6</subfield>
    <subfield code="m">1</subfield>
    <subfield code="o">617.15 51 MCR</subfield>
    <subfield code="p">2974</subfield>
    <subfield code="r">2023-06-22</subfield>
    <subfield code="s">2023-06-12</subfield>
    <subfield code="t">ej.3</subfield>
    <subfield code="w">2013-06-14</subfield>
    <subfield code="y">BK</subfield>
    <subfield code="z">COMPRA PROMED 2DO A&#xD1;O. Junio 2013</subfield>
  </datafield>
  <datafield tag="952" ind1=" " ind2=" ">
    <subfield code="0">0</subfield>
    <subfield code="1">0</subfield>
    <subfield code="2">ddc</subfield>
    <subfield code="4">0</subfield>
    <subfield code="7">0</subfield>
    <subfield code="a">BFM</subfield>
    <subfield code="b">BFM</subfield>
    <subfield code="c">CR</subfield>
    <subfield code="d">2013-06-14</subfield>
    <subfield code="g">620.00</subfield>
    <subfield code="l">2</subfield>
    <subfield code="o">617.15 51 MCR</subfield>
    <subfield code="p">2975</subfield>
    <subfield code="r">2015-11-16</subfield>
    <subfield code="s">2015-11-12</subfield>
    <subfield code="t">ej.4</subfield>
    <subfield code="w">2013-06-14</subfield>
    <subfield code="y">BK</subfield>
    <subfield code="z">COMPRA PROMED 2DO A&#xD1;O. Junio 2013</subfield>
  </datafield>
</record>
